Waluty państw świata po fladze - Statystyki

Ogólne statystyki
  • Ten quiz został rozwiązany 10 razy
  • Średni wynik to 96 z 196
Statystyki odpowiedzi
Obrazkowy Odpowiedź % Poprawnych
Dolar Belize
100%
Euro
100%
Dolar Australijski
86%
Dolar Jamajski
86%
Dolar Kandayjski
86%
Dolar Liberyjski
86%
Dolar Wschodniokaraibski
86%
Euro
86%
Euro
86%
Euro
86%
Euro
86%
Euro
86%
Euro
86%
Euro
86%
Euro
86%
Euro
86%
Euro
86%
Jen Japoński
86%
Korona Czeska
86%
Korona Duńska
86%
Rubel Białoruski
86%
Yuan Chiński
86%
Dinar Kuwejcki
71%
Dolar Amerykański
71%
Dolar Amerykański
71%
Dolar Australijski
71%
Dolar Bahamski
71%
Dolar Barbadosu
71%
Dolar Nowozelandzki
71%
Dolar Singapurski
71%
Dolar Wschodniokaraibski
71%
Dolar Wschodniokaraibski
71%
Dolar Wschodniokaraibski
71%
Dolar Wschodniokaraibski
71%
Euro
71%
Euro
71%
Euro
71%
Euro
71%
Euro
71%
Euro
71%
Euro
71%
Euro
71%
Euro
71%
Euro
71%
Euro
71%
Euro
71%
Frank Szwajcarski
71%
Frank Szwajcarski
71%
Korona Islandzka
71%
Korona Norweska
71%
Korona Szwedzka
71%
Lek Albański
71%
Lew Bułgarski
71%
Peso Argentyńskie
71%
Peso Chilijskie
71%
Peso Kolumbijskie
71%
Peso Kubiańskie
71%
Peso Meksykańskie
71%
Rubel Rosyjski
71%
Rupia Indonezyjska
71%
Rupia Indyjska
71%
Złoty Polski
71%
Denar Macedoński
57%
Dinar Algierski
57%
Dinar Bahrajnu
57%
Dinar Iracki
57%
Dinar Jordański
57%
Dinar Serbski
57%
Dolar Amerykański
57%
Dolar Australijski
57%
Dolar Fidżi
57%
Dolar Namibijski
57%
Dolar Wschodniokaraibski
57%
Euro
57%
Euro
57%
Forint Węgrierski
57%
Frank CFA
57%
Frank CFA
57%
Frank CFA
57%
Frank CFA
57%
Funt Egipski
57%
Funt Libański
57%
Funt Szterling
57%
Hrywna Ukraińska
57%
Lej Mołdawski
57%
Lej Rumuński
57%
Nowy Izraelski Szekel
57%
Rial Saudyjski
57%
Afgani Afgański
43%
Bat Tajlandzki
43%
Bośniacka Marka Zamienna
43%
Dinar Libijski
43%
Dinar Tunezyjski
43%
Đồng Wietnamski
43%
Dolar Amerykański
43%
Dolar Australijski
43%
Dolar Brunei
43%
Dolar Gujański
43%
Dolar Surinamski
43%
Dolar Tajwański
43%
Dolar Trynidadu i Tobago
43%
Dolar Wysp Salomona
43%
Euro
43%
Frank Burundyjski
43%
Frank CFA
43%
Frank CFA
43%
Frank CFA
43%
Frank CFA
43%
Frank CFA
43%
Frank CFA
43%
Frank CFA
43%
Frank CFA
43%
Frank Dżibutyjski
43%
Frank Gwinejski
43%
Frank Kongijski
43%
Frank Rwandyjski
43%
Funt Syryjski
43%
Lira Turecka
43%
Peso Dominikańskie
43%
Peso Urugwajskie
43%
Rial Irański
43%
Rial Jemeński
43%
Rial Kataru
43%
Rial Omański
43%
Rupia Lankijska
43%
Rupia Nepalska
43%
Rupia Pakistańska
43%
Som Kirgiski
43%
Won Północnokoreański
43%
Won Południowokoreański
43%
Ariary Malgaski
29%
Balboa Panamska
29%
Boliwar Wenezuelski
29%
Colon Kostarykański
29%
Córdoba Nikaraguańska
29%
Dirham Marokański
29%
Dolar Amerykański
29%
Dolar Amerykański
29%
Dolar Amerykański
29%
Dram Armeński
29%
Escudo Zielonoprzylądkowe
29%
Frank CFA
29%
Frank CFA
29%
Frank CFA
29%
Funt Południowosudański
29%
Funt Sudański
29%
Guaraní Paragwajski
29%
Kiat Mianmański
29%
Kina Papuaska
29%
Kip Laotański
29%
Kwacha Malawijska
29%
Leone Sierraleoński
29%
Loti Sotyjskie
29%
Manat Azerbejdżański
29%
Manat Turkmeński
29%
Metical Mozambijski
29%
Naira Nigeryjska
29%
Peso Filipińskie
29%
Quetzal Gwatemalski
29%
Rand Południowoafrykański
29%
Real Brazylijski
29%
Riel Kambodżański
29%
Ringgit Malezyjski
29%
Rupia Malediwska
29%
Rupia Maurytyjska
29%
Rupia Seszelska
29%
Sol Peruwiański
29%
Sum Uzbecki
29%
Szyling Kenijski
29%
Tala Samoańska
29%
Tenge Kazachski
29%
Tugrik Mongolski
29%
Ugija Mauretańska
29%
Birr Etiopski
14%
Boliviano Boliwijskie
14%
Cedi Ghańskie
14%
Dalasi Gambijskie
14%
Dirham Zjednoczonych Emiratów Arabskich
14%
Dobra Wysp Świętego Tomasza i Książęcej
14%
Dolar Amerykański
14%
Gourde Haitański
14%
Kwacha Zambijska
14%
Kwanza Angolska
14%
Lari Gruziński
14%
Lempira Honduraska
14%
Lilangeni Swazilandu
14%
Nakfa Erytrejska
14%
Ngultrum Bhutański
14%
Paʻanga Tongijska
14%
Pula Botswańska
14%
Somoni Tadżycki
14%
Szyling Somalijski
14%
Szyling Tanzański
14%
Szyling Ugandyjski
14%
Taka Bengalska
14%
Vatu Vanuatuańskie
14%
Nie znaleziono quizów pasujących do podanych kryteriów
Rozkład punktacji
Procent ludzi z każdym wynikiem
Percentyl według liczby udzielonych odpowiedzi
Twoja historia wyników
Nie rozwiązałeś tego quizu